| 000 | 00845cab a22002055a 4500 | ||
|---|---|---|---|
| 001 | L154200 | ||
| 008 | 111031e20111022xxk 000 0 eng d | ||
| 035 | _a(Sirsi) u154200 | ||
| 041 | 0 | _aeng | |
| 100 | 1 | _aEdwards, Chris | |
| 245 | 0 | 2 | _aA powerful tool |
| 260 | _c2011 | ||
| 490 |
_aEstates Gazette _v(1142) 22 October 2011, 112-114(2) |
||
| 520 | _aNew features of the RICS Code of Practice on Service Charges second edition. Notes that many aspects of the first edition have been retained but some have been amended and new ones added. Visit http://www.rics.org/servicechargecode for further details and the code. | ||
| 590 | _aKA | ||
| 651 | 4 | _aUnited Kingdom | |
| 690 | _aPROPERTY-COMMERCIAL PROPERTY-LEASEHOLD COMMERCIAL PROPERTY-COMMERCIAL LANDLORD AND TENANT-COMMERCIAL SERVICE CHARGES | ||
| 700 | 1 | _aHighmore, Sue | |
| 942 | _n0 | ||
| 999 |
_c83529 _d83529 |
||